00319nam a2200133Ia 4500008004100000084001600041245002200057250002000079260001800099260000900117260001500126300000900141500003500150180424s9999 xx 000 0 und d a820.1 S6:26 0aPortrait of Alady a\\196800ENGGPSX aPrentice Hall b1968 cNew Jersey a122p aincludes index and biblioraphy